A TEXTBOOK OF PHARMACOGNOSY- III (SEM-IV) (Record no. 5849)

MARC details
000 -LEADER
fixed length control field 00412nam a22001577a 4500
005 - DATE AND TIME OF LATEST TRANSACTION
control field 20240108132346.0
008 - FIXED-LENGTH DATA ELEMENTS--GENERAL INFORMATION
fixed length control field 190527b xxu||||| |||| 00| 0 eng d
020 ## - INTERNATIONAL STANDARD BOOK NUMBER
ISBN no883
041 ## - LANGUAGE CODE
Language code of text/sound track or separate title eng
100 ## - MAIN ENTRY--AUTHOR NAME
Personal name GOKHALE,S.B.,KOKTE,C.K .,AND PUROHIT,A.P
245 ## - TITLE STATEMENT
Title A TEXTBOOK OF PHARMACOGNOSY- III (SEM-IV)
250 ## - EDITION STATEMENT
Edition statement 3RD, ED. 2019
260 ## - PUBLICATION, DISTRIBUTION, ETC. (IMPRINT)
Place of publication PUNE
Name of publisher NIRALI PRAKASHAN
300 ## - PHYSICAL DESCRIPTION
Number of Pages I.8 p,
942 ## - ADDED ENTRY ELEMENTS (KOHA)
Koha item type Books
Holdings
Lost status Damaged status Collection code Home library Current library Shelving location Date acquired Source of acquisition Cost, normal purchase price Accession Number Koha item type
    PHARMACY JRU Library JRU Library Shelf - 25- D 27/05/2019 PURCHESS 95.00 22730 Books
    PHARMACY JRU Library JRU Library Shelf - 25- D 27/05/2019 PURCHESS 95.00 22731 Books
    Reference JRU Library   SHELF-53-B 27/05/2019 PURCHESS 95.00 22732 Books